000 01110nam a22003017a 4500
001 BR7200366
003 BR-BrBNA
005 20230928083755.0
007 ta
008 230509b bl.||||| |||| 00| 0 por d
040 _aBR-BrBNA
_bpor
_cBiblioteca Nacional de Agricultura
041 _a(Por)
072 _aE30; E50; D10
_b/G514
090 _ E30 BR7200366
110 1 _aServico Federal de Habitacao e Urbanismo, Fortaleza, CE (Brasil)
_99339
245 1 _aRelatorio preliminar de desenvolvimento integrado. Municipio de Santana do Acarau, Ceara [Desenvolvimento social; Desenvolvimento economico; Administracao publica; Brasil]
260 3 _aFortaleza, CE (Brasil):
_c1972.
300 _a153 p.
500 _a43 tables; 30 ref.; Map, scale 1:2,000,000, 4 Maps, in portfolio, scale 1:250,000, 4 Maps, in portfolio, scale 1:5,000
650 _aPolitica de desenvolvimento
650 _aSociologia rural
650 _aAdministracao publica
650 _aDesenvolvimento social
650 _aDesenvolvimento economico
650 _aCeara
909 _a202309
_bLucia
_c55
_dLucia Elande
942 _cBK
999 _c15172
_d15172